| 000 | 01106cam a22002654a 4500 | ||
|---|---|---|---|
| 005 | 20160830081718.0 | ||
| 008 | 160830s1999 ck a fr 001 0 spa d | ||
| 020 | _a9588051649 | ||
| 035 | _a(BoCbEI)ei 0003M0377 | ||
| 035 | _a(BoCbEI)ei 0003M0377 | ||
| 040 |
_aCO-BoUCM _bspa _cSandra Palacio _dSandra Palacio |
||
| 041 | 0 | _aspa | |
| 245 | 0 | 0 |
_aReflexiones en educación universitaria _cautores varios ; Análida Elizabeth Pinilla Roa, editora |
| 260 |
_aBogotá (Colombia) _bUniversidad Nacional de Colombia _c1999 |
||
| 300 |
_a210 páginas _bilustraciones |
||
| 504 | _aIncluye referencias bibliográficas e índices | ||
| 650 | 7 |
_aEducación superior _zColombia _913880 |
|
| 650 | 7 |
_aFormación profesional _zColombia _979369 |
|
| 650 | 7 |
_aInteligencias multiples _917849 |
|
| 690 |
_aEducación superior _9177 |
||
| 700 | 1 |
_aPinilla Roa, Análida Elizabeth _eeditor _979370 |
|
| 710 | 1 |
_aUniversidad Nacional de Colombia _bFacultad de Medicina _bGrupo de Apoyo Pedagógico y Formación Docente _979371 |
|
| 942 |
_2DEWEY _cLIBRO _a10 _e1 _h378.86 _mR332re |
||
| 999 |
_c304272 _d304272 |
||